000 00775nam a2200241 i 4500
001 10353
003 ES-MaACL
005 20250818063033.0
007 t|
008 950524s1995 sp ||||1| spa d
020 _a84-08-01424-2
080 _a84-311.9"18"
080 _a84(Verne,J.7 P.03=6)
100 1 _aVerne, Jules,
_d1828-1905
_9188654
245 1 0 _aParís en el siglo XX /
_cJulio Verne ; traducción de Julia Escobar ; prefacio y revisión del texto original por Piero Gondolo della Riva.
250 _a[1a ed.].
260 _aBarcelona :
_bPlaneta,
_c1995.
300 _a182 p. ;
_c24 cm.
700 1 _aEscobar, Julia.
_947554
700 1 _aDella Riva, Piero Gondolo.
_943534
852 _aES-MaACL
_jL-17832
_bR.123889
999 _c10353
_d10353